Statistics for Countries Closest to Spain A-Z

Click here to take the quiz!

General Stats

  • This quiz has been taken 17,137 times
  • The average score is 20 of 24

Answer Stats

Country % Correct
FFrance
98%
AAndorra
95%
PPortugal
95%
BBelgium
94%
IItaly
93%
UUnited Kingdom
92%
DDenmark
90%
GGermany
90%
MMorocco
89%
QQatar
87%
YYemen
86%
ZZambia
84%
OOman
83%
NNetherlands
82%
SSwitzerland
82%
VVatican City
81%
HHungary
80%
TTunisia
78%
LLiechtenstein
77%
CCroatia
72%
EEgypt
69%
RRomania
69%
KKosovo
63%
JJordan
61%

Score Distribution

Percentile by Number Answered

Percent of People with Each Score

Your Score History

You have not taken this quiz